Marks manual del ingeniero mecánico
Gardado en:
| Main Authors: | , |
|---|---|
| Formato: | Libro |
| Idioma: | Lingua castelá |
| Publicado: |
Bogotá
McGraw-Hill Latinoamericana
1982
|
| Edición: | 2a. ed |
| Subjects: | |
| Tags: |
Engadir etiqueta
Sen Etiquetas, Sexa o primeiro en etiquetar este rexistro!
|
MARC
| LEADER | 00000nam a2200000 a 4500 | ||
|---|---|---|---|
| 001 | UCP0875 | ||
| 003 | CL-VaPUC | ||
| 008 | 990319e19820000CK |||||||||||||||||spa|d | ||
| 082 | 0 | 4 | |a 620.1 |b BAU |2 21 |
| 100 | 0 | |a Baumeister, Theodore |e author |9 426491 | |
| 700 | 0 | |a Avallone, Eugene A |e author |9 426492 | |
| 245 | 1 | 0 | |a Marks manual del ingeniero mecánico |
| 250 | |a 2a. ed | ||
| 300 | |a 2 v | ||
| 942 | |c BK | ||
| 945 | |d 19990319 00:00:00 |a lriquelm | ||
| 260 | |a Bogotá |b McGraw-Hill Latinoamericana |c 1982 | ||
| 650 | 0 | |a Ingeniería mecánica |9 262089 | |
| 650 | 0 | |a Manuales |9 257144 | |
| 650 | 0 | |a Matemática |9 260235 | |
| 650 | 7 | |a MECANICA DE LOS SOLIDOS |2 CL-VaPUC |9 426493 | |
| 650 | 0 | |a Mecánica de fluidos |9 259464 | |
| 650 | 0 | |a Calor |9 260253 | |
| 650 | 0 | |a Resistencia de materiales |9 260095 | |
| 650 | 0 | |a Elementos de máquinas |9 426494 | |
| 650 | 7 | |a GENERACION DE POTENCIA |2 CL-VaPUC |9 426495 | |
| 650 | 7 | |a TRANSPORTE |2 CL-VaPUC |9 256365 | |
| 650 | 7 | |a BOMBAS |2 CL-VaPUC |9 259418 | |
| 650 | 0 | |a Compresores |9 259361 | |
| 650 | 0 | |a Ingeniería industrial |9 260973 | |
| 650 | 0 | |a Ingeniería eléctrica |9 260573 | |
| 650 | 7 | |a INGENIERIA ELECTRONICA |2 CL-VaPUC |9 356858 | |
| 650 | 7 | |a CONTROL AMBIENTAL |2 CL-VaPUC |9 366258 | |
| 583 | |a last modification |c 20190730 02:13:59 |k Rodrigo Vera | ||
| 999 | |c 279613 |d 279611 | ||
| 952 | |0 0 |1 0 |4 0 |6 620_100000000000000_BAU_1982 |7 0 |8 F |9 319213 |a BIBMEC |b BIBMEC |d 2019-11-20 |h v.1 |i 1327747 |o 620.1 BAU 1982 |p 1327747 |r 2024-01-19 |w 2019-11-20 |y BK_F |k MEC | ||
| 952 | |0 0 |1 0 |4 0 |6 620_100000000000000_BAU_1982 |7 0 |8 F |9 319214 |a BIBMEC |b BIBMEC |d 2019-11-20 |h v.2 |i 1327798 |o 620.1 BAU 1982 |p 1327798 |r 2024-01-19 |w 2019-11-20 |y BK_F |k MEC | ||